00901nam a2200241Ia 4500001000600000003000900006008004100015040001300056040001300069041001300082100001100095100002900106245003800135245005900173250001100232260001600243260001700259260004900276300005700325500022700382650001900609650003100628C0714IT-RoPAU130308s9999 xx 000 0 und d aIT-RoPAU cIT-RoPAU aITALIANO aAA.VV. gCodice Aut. SPICS: 12000 aAscolto musicale e musicoterapia  bMusica & Terapia-1-Quaderni Italiani di musicoterapia  a1a ed. aALESSANDRIA bBoccassi Ugo c1994 [1° Ed.:1994 - Ed.Ling.Originale:1994] a"11 p. (prefazione: no ; testo: 11 [pagine: 23-33])" aAutori dell'Articolo: Giovanni del Puente, Gerardo Manarolo, Paola Pistarino e Caterina Vecchiato. caratteristiche Generali dei Brani Musicali. Aspetti Metodologici. Definizione di una sequenza Standard. test di Rorschach. aSAGGI MUSICALI eCodice materia Spics: 7011